Biathlon Gesamtweltcup der Frauen 25/26 - Statistiken

Allgemein
  • Dieses Quiz wurde 15 mal gespielt
  • Das Durchschnittsergebnis liegt bei 19 aus 30
Antwortstatistiken
# Biathletin Punkte % Korrekt
4 Elvira Öberg 922
100%
2 Hanna Öberg 958
100%
3 Lisa Vittozzi 935
100%
13 Dorothea Wierer 456
92%
6 Julia Simon 827
92%
1 Lou Jeanmonnot 1135
92%
8 Océane Michelon 651
92%
7 Anna Magnusson 803
83%
16 Franziska Preuß 394
75%
17 Janina Hettich-Walz 360
75%
23 Julia Tannheimer 306
75%
11 Justine Braisaz-Bouchet 597
75%
14 Vanessa Voigt 433
75%
19 Amy Baserga 353
67%
10 Camille Bened 600
67%
22 Ingrid Landmark Tandrevold 308
67%
18 Lisa Theresa Hauser 356
67%
9 Maren Kirkeeide 639
67%
5 Suvi Minkkinen 881
58%
29 Deedra Irwin 227
42%
21 Karoline Offigstad Knotten 312
42%
15 Paulina Batovska Fialkova 405
42%
26 Anna-Karin Heijdenberg 254
33%
28 Jeanne Richard 230
33%
20 Marthe Krakstad Johansen 325
33%
12 Tereza Vobornikova 510
33%
27 Ella Halvarsson 252
25%
30 Lucie Charvatova 224
25%
25 Regina Ermits 290
25%
24 Polona Klemencic 294
17%
Keine übereinstimmenden Quizze gefunden
Verteilung der Resultate
Anzahl Personen mit jedem Resultat
Perzentil nach korrekt beantworteten Fragen
Ihre Resultats-Entwicklung
Sie haben dieses Quiz noch nicht gespielt